ARRUPE JESUIT UNIVERSITY

CORONAVIRUS -STOP THE SPREAD - CLEAN,DISINFECT,COVER

Bonanza : (Record no. 120711)

MARC details
000 -LEADER
fixed length control field 00837cam a2200289 a 4500
001 - CONTROL NUMBER
control field 176548
003 - CONTROL NUMBER IDENTIFIER
control field ARRUPE
005 - DATE AND TIME OF LATEST TRANSACTION
control field 20140611144027.0
008 - FIXED-LENGTH DATA ELEMENTS--GENERAL INFORMATION
fixed length control field 830825s1981 rh af b 000 0 eng d
020 ## - INTERNATIONAL STANDARD BOOK NUMBER
International Standard Book Number 086920226X
020 ## - INTERNATIONAL STANDARD BOOK NUMBER
International Standard Book Number 0869202421 (pbk.)
035 ## - SYSTEM CONTROL NUMBER
System control number (OCoLC)9014406
035 ## - SYSTEM CONTROL NUMBER
System control number (OCoLC)ocm09014406
035 ## - SYSTEM CONTROL NUMBER
System control number (CStRLIN)NYCG83-B51970
035 ## - SYSTEM CONTROL NUMBER
System control number (NNC)176548
040 ## - CATALOGING SOURCE
Original cataloging agency NNC
Transcribing agency NNC
043 ## - GEOGRAPHIC AREA CODE
Geographic area code f-rh---
090 ## - LOCALLY ASSIGNED LC-TYPE CALL NUMBER (OCLC); LOCAL CALL NUMBER (OCLC)
Classification number (OCLC) (R) ; Classification number, CALL (RLIN) (NR) HD9147.Z5
Local cutter number (OCLC) ; Book number/undivided call number, CALL (RLIN) M3
300 ## - PHYSICAL DESCRIPTION
Other physical details ill., [8] p. of plates ;
Dimensions 18 cm.
100 1# - MAIN ENTRY--PERSONAL NAME
Personal name McClymont, D. S.
9 (RLIN) 10842
245 10 - TITLE STATEMENT
Title Bonanza :
Remainder of title 75 years of flue-cured tobacco advice /
Statement of responsibility, etc by D.S. McClymont.
260 ## - PUBLICATION, DISTRIBUTION, ETC. (IMPRINT)
Place of publication, distribution, etc Bulawayo :
Name of publisher, distributor, etc Books of Zimbabwe,
Date of publication, distribution, etc 1981.
300 ## - PHYSICAL DESCRIPTION
Extent 112 p. :
504 ## - BIBLIOGRAPHY, ETC. NOTE
Bibliography, etc Bibliography: p. 97-112.
650 #0 - SUBJECT ADDED ENTRY--TOPICAL TERM
Topical term or geographic name as entry element Tobacco industry
Geographic subdivision Zimbabwe
General subdivision History.
9 (RLIN) 10843
942 ## - ADDED ENTRY ELEMENTS (KOHA)
Source of classification or shelving scheme Library of Congress Classification
Koha item type SPC
Holdings
Withdrawn status Lost status Source of classification or shelving scheme Damaged status Not for loan Collection code Home library Current library Shelving location Date acquired Total Checkouts Full call number Barcode Date last seen Price effective from Koha item type
    Library of Congress Classification     SPECIAL Collection ARRUPE LIBRARY ARRUPE LIBRARY Main Collection 11/06/2014   SPC SB278.Z55 M33 1981 46500000531 11/06/2014 11/06/2014 SPC

 

Arrupe Library. PO Box MP320 Mt Pleasant, Harare, Zimbabwe
263 242 745411|librarian@aju.ac.zw